00627nam a2200169Ia 4500008004000000020001700040082001500057100003000072245006900102260003900171300001200210650004900222690002900271906001100300999001900311952012700330210210b1996 xxu||||| |||| 00| 0 eng d a0333 93006 1 a658.4 ARNW aARNOLD (John) and others. aWork psychology: understanding human behaviour in the workplace. aDelhi.bMacmillan India Ltd.c1996 axvi,329 aWork Psychology, Human Behaviour Workplace  aOrganisational Behaviour a053215 c101569d101569 001040708ManagementaALbALcManagementd2021-02-17g185.00l0o658.4 ARNWp053215r2021-02-17 00:00:00w2021-02-17yBK